000 01085nam a22002417a 4500
003 OSt
005 20250919161410.0
008 240401b ||||| |||| 00| 0 eng d
040 _c0
082 _aDPer 621.381 In821 September 2022 v. 37 n. 9
100 _aZhang, Zhuhaobo.
_eauthor.
_955669
245 _aAn inductive power transfer charging system with a multiband frequency tracking control for misalignment tolerance /
_cZhuhaobo Zhang, Shaoting Zheng, Shiying Luo, Dehong Xu, Philip T. Krein, and Hao Ma.
260 _aNew York ;
_bThe Institute of Electrical and Electronics Engineers, Inc. ,
_cSeptember 2022.
300 _aVolume 37, pages 11342-11355 :
_billustration ;
_c28 cm.
500 _aIEEE Transitions on Power Electronics, v. 37 n. 9, pages 11342-11355, September 2022.
700 _aZhang, Zhuhaobo.
_eauthor.
_955669
700 _aZheng, Shaoting.
_eauthor.
_955670
700 _aLuo, Shiying.
_eauthor.
_955671
700 _aXu, Dehong.
_eauthor.
_955672
700 _aKrein, Philip T.
_eauthor.
_955673
700 _aMa, Hao.
_eauthor.
_955674
942 _2ddc
_cPER
999 _c19929
_d19929